Iconic Teen Movie Quotes - Statistics

General Stats
  • This quiz has been taken 93 times
  • The average score is 5 of 10
Answer Stats
Quote Answer % Correct
"On _________'s we wear pink" wednesday
95%
"Gretchen stop trying to make _____ happen" fetch
85%
"You know you love me, XOXO ______ ____" gossip girl
83%
"I speak more mandarin than you do, you're barely even asian / sorry i'm not ______ enough for you" chinese
54%
"Bella, where the hell have you been ____" loca
49%
"When my eyes are closed I see you for what you truly are, which is ____." ugly
46%
"Jenna can't hear us, ___ _____" she's blind
30%
"Maybe but I'm rich and I'm pretty, __ __ ______ _____ ______" so it doesn't really matter
27%
"Endorphines make you happy, happy people don't _____ _____ ________" shoot their husbands
18%
"I do believe in killing the messenger, do you know why? Because __ ____ _ _______ It sends a message
16%
No matching quizzes found
Score Distribution
Percent of People with Each Score
Percentile by Number Answered
Your Score History
You have not taken this quiz